00351nam a2200133Ia 4500008004100000020001500041041001200056082001600068100001800084245006100102260003100163300000800194650001500202221030s9999 xx 000 0 und d a8177223747 aEnglish a105.23bPar aJ. A. Parnell 0aStrategic Management Theory & Practicecby J. A. Parnell bBiztantraaNew Delhic2004 a237 aManagement